Corale dell' inquietudine (Registo nº 201050)

Detalhes MARC
000 -Etiqueta do registo
Valores 00634nam 22002053 4500
010 ## - Número ISBN
ISBN 88-7741-886-9
100 ## - Dados gerais de processamento
Dados gerais 20260306d u||y0pory50 ba
200 ## - Titulo e menção de responsabilidade
Título próprio Corale dell' inquietudine
Primeira menção de responsabilidade Domenico Corradini Broussard
210 ## - Publicação
Local de publicação Pisa
Nome do editor Edizioni ETS
Data de publicação cop. 1996
215 ## - Descrição física 
Paginação / Volumes 36 p.
Outras indicações físicas brochado
Dimensões 17 cm
300 ## - Notas gerais 
Texto da nota Contém dedicatória do escritor
606 ## - Nome comum usado como assunto
ID Autoridade 15
Palavra de ordem Literatura Italiana
610 ## - Termos não controlados
Palavra de ordem Em Língua Italiana
675 ## - CDU
Notação 821.131.1-1"19"
Edição IT
Língua ita
700 ## - Autor principal (pessoa individual)
ID Autoridade 16667
Apelido Broussard
Nome Domenico Corradini
Datas 1942-2020
801 ## - Fonte de origem
País PT
Agência BMMN
Regras de catalogação RPC
830 ## - Notas gerais do catalogador
Criado por Ana Falardo
Indexado por Ana Falardo
990 ## - Elementos KOHA
Tipo de documento Livro
Exemplares
Situação do levantamento Biblioteca de origem Código de barras Cota Permissão de empréstimo Tipo de documento Nota relativa ao exemplar Forma de aquisição
  Biblioteca Municipal de Montemor-o-Novo 30328 821.131.1-1 BRO|SAF   Livro Acesso Condicionado Oferta

Powered by Koha